1366 1183 1621 1786 1726 1667 1381 1527 1458 1670 1035 1184 1524 1569 1004 1645 1059 1874 1382 1056 1052 1717 1055 1229 1217 1041 1175 1691 1593 1095 1611 1968 1568 1350 1500 1058 1129 1987 1018 1698 1115 1489 1967 1989 1439 1156 1824 1719 1965 1342 1475 1017 1175 1789 1219 1430 1227 1625 1097 1752 1698 1585 1031 1913 1372 1461 1655 1451 1483 1024 1727 1037 1372 1146 1276 1006 1807 1495 1896 1835 1663 1115 1776 1147 1807 1961 1626 1488 1661 1468 1533 1911 1065 1178 1814 1229 1310 1794 1912 BCNSPRNW ULIB Ver.6.0+V

เปลี่ยนเป็นภาษาไทย

Change to English
 แสดงรายละเอียดบรรณานุกรม
  กลับหน้าหลัก

Brief Record : Get Marc (ISO 2709) : E-mail record : QR code < ปิดหน้าต่าง
LEADER : 00000nam 2200000uu 4500
001    13399112845
003     ULIB
008    110913s2552||||th 000 0 tha d
020    9786117071102
060  4 QV767^bป347ค 2552
100 0  ประภาส มาสขาว
245 00 คู่มือเรียนรู้ พืชสมุนไพรพื้นฐาน
250    พิมพ์ครั้งที่ 1
260    กรุงเทพฯ:^bยิปซีกรุ๊ป,^c2552
300    238 หน้า:^bภาพประกอบ
650  7 สมุนไพร
945    ^p190^l0^i17750
995    กัณชพร
999    ^aใช้งานได้ทุกระบบ
รายการนี้ยังไม่มีแท็ก
คุณยังไม่ได้ล็อกอิน คุณสามารถมีกิจกรรมร่วมกับเว็บไซต์ได้ แต่ต้องล็อกอินก่อน ::
  ล็อกอิน

รายการสื่อสารสนเทศ

ลำดับที่ ประเภท เลขเรียก/บาร์โค้ด สถานที่ สถานะ
- ไม่พบข้อมูล -

รายการใกล้เคียง
    ชื่อเรื่อง [คู่มือเรียนรู้ พืชสมุนไพรพื้นฐาน]

    ผู้แต่ง [ประภาส มาสขาว]

    หัวเรื่อง [สมุนไพร]

BibComment


ยังไม่เคยถูกคอมเมนท์

คอมเมนท์ทรัพยากรรายการนี้
  คอมเมนท์: คู่มือเรียนรู้ พื..


 Copyright 2026. Bcnsprnw @Library